| 000 | 00664nam a2200253Ia 4500 | ||
|---|---|---|---|
| 001 | 20898 | ||
| 005 | 20240114000535.0 | ||
| 007 | ta | ||
| 008 | 060227s g b000 u 465 u | ||
| 040 | _aCotton College,Assam | ||
| 041 | _a465 | ||
| 082 |
_a532 _bB 38 T |
||
| 100 | _aBasset, A.B.. | ||
| 245 | 0 |
_aA Treatise on Hydrodynamics: With Numerous Examples / _cA.B.Basset. _hTextual Documents |
|
| 250 | _a1st ed. / | ||
| 260 |
_aNew York : _bDover Publications Inc. , _cnd. |
||
| 300 |
_a263p. ; _c22cm. |
||
| 653 | _aHydrodynamics | ||
| 653 | _aG-Physics | ||
| 942 |
_2ddc _cBK |
||
| 999 |
_c20880 _d20880 |
||